000 00276nam a2200109Ia 4500
008 190919s9999||||xx |||||||||||||| ||und||
100 _aRobert L.Boylestad
245 0 _aElectronic Devices and Cricuit Theory
260 _aIndia
_bPearson
_c1995
300 _a456
942 _cBK
999 _c10563
_d10563